| 000 | 00534cam a22001337a 4500 | ||
|---|---|---|---|
| 008 | 180718b1965 xxu||||| |||| 00| 0 eng d | ||
| 082 | _aI5135x73 Un3 | ||
| 100 | _aAdvisory Commission on InterGovernmental Relations | ||
| 245 |
_aFactors affecting voter reactions to governmental reorzation in metropolitan areas _cby Advisory Commission on InterGovernmental Relations |
||
| 260 |
_aWashington _bGovernment Office _c1965 |
||
| 300 | _a18p. | ||
| 650 | _aMetropolitan Area - U.S.A. | ||
| 650 | _aLocal Government - Reorganisation - U.S.A. | ||
| 999 |
_c415969 _d415969 |
||